LEADER 02471oam 2200505 450 001 9910467567303321 005 20210803113138.0 010 $a1-63550-209-8 035 $a(CKB)4100000009823587 035 $a(MiAaPQ)EBC5971232 035 $a(PPN)243233744 035 $a(EXLCZ)994100000009823587 100 $a20191127d2021 uy 0 101 0 $aeng 135 $aurcn#|||||||| 181 $ctxt$2rdacontent 181 $csti$2rdacontent 182 $cc$2rdamedia 183 $acr$2rdacarrier 200 10$aAssessment in speech-language pathology $ea resource manual /$fKenneth G. Shipley, Julie G. McAfee 205 $aSixth edition. 210 1$aSan Diego, California :$cPlural Publishing, Inc.,$d[2021] 210 4$dİ2021 215 $a1 online resource (713 pages) $cillustrations (chiefly colour) 311 $a1-63550-204-7 320 $aIncludes bibliographical references and index. 327 $aFoundations of assessment -- Multicultural considerations -- Obtaining preassessment information -- Reporting assessment findings -- Assessment procedures common to most communicative disorders -- Assessment of speech sound disorders -- Assessment of spoken language in children -- Assessment of written language -- Assessment of selective mutism -- Assessment for autism spectrum disorder and social communication disorder -- Assessment for augmentative or alternative communication (AAC) -- Assessment of stuttering and cluttering -- Assessment of voice and resonance -- Assessment of acquired neurogenic language disorders -- Assessment of acquired neurogenic speech disorders -- Assessment of dysphagia -- Hearing considerations -- Medical diagnoses associated with communicative disorders 330 $aThe book covers the diagnosis and evaluation of a wide range of communication disorders in adults and children. 606 $aCommunicative disorders$xDiagnosis 606 $aSpeech disorders$xDiagnosis 606 $aLanguage disorders$xDiagnosis 608 $aElectronic books. 615 0$aCommunicative disorders$xDiagnosis. 615 0$aSpeech disorders$xDiagnosis. 615 0$aLanguage disorders$xDiagnosis. 676 $a616.855 700 $aShipley$b Kenneth G.$0924642 702 $aMcAfee$b Julie G. 801 0$bMiAaPQ 801 1$bMiAaPQ 801 2$bMiAaPQ 906 $aBOOK 912 $a9910467567303321 996 $aAssessment in speech-language pathology$92075508 997 $aUNINA LEADER 01010nam0 22002651i 450 001 UON00064548 005 20231205102324.228 100 $a20020107d1962 |0itac50 ba 101 $aurd 102 $aPK 105 $a|||| 1|||| 200 1 $aMahtab-e Dag$fMirza Xan Dihlawi Dag, [cur.] Sibt-e Hasan Sayyid 210 $aLahor$cMajlis-e Taraqqi-e Adab$d1962 215 $a558 p.$d22 cm 620 $aPK$dLahore$3UONL000599 686 $aSI VI DB$cSUBCONT. INDIANO - LETTERATURA URDU - MEDIEVALE$2A 700 1$aDAG$bMirza Xan Dehlavi$3UONV011806$0637073 702 1$aSAYYID$bSibt-e Hasan$3UONV041381 712 $aMajlis-i Taraqq?-i Adab$3UONV249606$4650 801 $aIT$bSOL$c20240220$gRICA 899 $aSIBA - SISTEMA BIBLIOTECARIO DI ATENEO$2UONSI 912 $aUON00064548 950 $aSIBA - SISTEMA BIBLIOTECARIO DI ATENEO$dSI SI VI DB 010 $eSI MR 80210 7 010 996 $aMahtab-e Dag$91171077 997 $aUNIOR